Albums by Features - Statistics

General Stats
  • This quiz has been taken 5 times
  • The average score is 9 of 16
Answer Stats
Features Album % Correct
Skepta, Travis Scott, Lil Uzi Vert, Pi'erre Bourne, Nicki Minaj, Bryson Tiller, Chief Keef, Gunna, Red Coldhearted, Young Thug, Young Nudy Die Lit
100%
Rex Orange County, Frank Ocean, Kali Uchis, A$ap Rocky, Alexander Brettin, Jaden, Estelle, Anna of the North, Steve Lacy, Lil Wayne Flower Boy
100%
Jay Rock, Drake, MC Eiht, Anna Wise, Dr Dre good kid, m.A.A.d city
100%
T-Pain, Lil Wayne, Mos Def, Dwele, DJ Premier, Chris Martin, Albe Back Graduation
100%
Teezo Touchdown, Drake, Playboi Carti, Beyoncé, Rob49, 21 Savage, The Weeknd, Swae Lee, Yung Lean, Dave Chappelle, Young Thug, Westside Gunn, Kid Cudi, Bad Bunny, SZA, Future, James Blake Utopia
100%
Earl Sweatshirt, John Mayer, André 3000 Channel Orange
60%
Kenny Mason, Earthgang, 21 Savage, Baby Tate, Lil Durk, Ari Lennox, Yasiin Bey, Lil Wayne, Johnta Austin, Ravyn Lenae, Eryn Allen Kane The Forever Story
60%
Gloria Carter, Frank Ocean, Beyoncé, Damian Marley 4:44
40%
Travis Scott, Kendrick Lamar, James Fauntleroy, Isaiah Rashad CTRL
40%
Conway the Machine, Benny the Butcher, Joey Bada$$, Tyler the Creator, Billy Essco, Wale, Joyce Wrice, Freddie Gibbs, Roc Marciano, Boldy James, Keisha Plum, Cartier Williams Pray For Paris
40%
Jay-Z, Michael Jackson, Static Major, Ty Dolla $ign Scorpion
40%
Paul McCartney Thriller
40%
Burna Boy, Ruelle Psychodrama
20%
Bilal, Anderson .Paak, Ty Dolla $ign, Njomza, CeeLo Green, Ariana Grande, Kendrick Lamar The Divine Feminine
20%
Kendrick Lamar, Don Toliver, Travis Scott, Brent Faiyaz The Melodic Blue
20%
Tyler the Creator, Alicia Keys, Drake, The Neptunes, Joony, Tre' Armani Wasteland
20%
No matching quizzes found
Score Distribution
Percent of People with Each Score
Percentile by Number Answered
Your Score History
You have not taken this quiz